000 00505nam a2200217Ia 4500
003 0100
008 130303s9999 xx 000 0 und d
020 _a0155019597
040 _cARRUPELIB
050 _aBJ1025.H66 1996
100 _aHospers, John
245 _aHuman conduct
245 _bproblems of ethics
250 _a3rd. (ed.)
260 _aNew York
260 _bHarcourt Brace College publishers
260 _C1996
300 _axiii
300 _b 402p. 23cm.
942 _2lcc
_04
999 _c60006
_d60006